Phobias Click Quiz: B - Statistics

General Stats
  • This quiz has been taken 185 times
  • The average score is 8 of 15
Answer Stats
Hint Answer % Correct
Fear or hatred of books Bibliophobia
91%
Fear of bacteria Bacteriophobia
89%
Fear of plants Botanophobia
88%
Fear of bisexuality or bisexuals Biphobia
85%
Fear of Bolsheviks Bolshephobia
85%
Fear of missels or bullets Ballistophobia
80%
Fear of microbes Bacillophobia
51%
Fear of gravity Barophobia
43%
Fear of slime Blennophobia
31%
Fear of toads Bufonophobia
30%
Fear of falling Basophobia
26%
Fear of high objects, such as tall buildings Batophobia
20%
Fear of stairs or steep slopes Bathmophobia
19%
Fear of needles or pins Belonephobia
17%
Fear of body smells Bromidrosiphobia
15%
No matching quizzes found
Score Distribution
Percent of People with Each Score
Percentile by Number Answered
Your Score History
You have not taken this quiz